000 00334nam a2200133Ia 4500
008 240624s9999 xx 000 0 und d
041 _aeng
082 _a332.4 ROG
100 _aROGOFF KENNETH S
245 _aCURSE OF CASH
260 _c2016
_aNew Jersey
_bPrinceton University Press
300 _ax, 283 p.; 23 cm.
365 _c
_b30
999 _c29647
_d29647